000 00613nam a2200205 a 4500
003 BD-JhCC
005 20230622093923.0
008 230622s2021 bg |||| |||| 000 0 ben d
020 _a9789849574330
035 _a(BD-JhCC)
040 _aBD-JhCC
_dBD-JhCC
041 _aben
082 _a158
_bRID 2021
100 _aহৃদয়, আরিফ
245 _aডিজাইন ইওর লাইফ /
_cআরিফ হৃদয়
260 _aঢাকা :
_bশব্দশৈলী,
_c২০২১
300 _a২৪৭ পৃ. :
_c২১ সেমি.
650 _aMotivation
942 _2ddc
_cBK
999 _c13076
_d13076